| 000 | 01049nam a2200277 i 4500 | ||
|---|---|---|---|
| 001 | 12006 | ||
| 003 | ES-MaACL | ||
| 005 | 20240125194421.0 | ||
| 008 | 960724s1995 sp ||||0| spa | ||
| 020 | _a84-309-2663-1 | ||
| 080 | _a871 Lucrecio Caro, Tito 7 De rerum natura .06 | ||
| 080 | _a850 Alighieri, Dante 7 Divina Commedia .06 | ||
| 080 | _a830 Goethe, Johann Wolfgang 7 Faust .06 | ||
| 100 | 1 |
_aSantayana, George. _9103357 |
|
| 245 | 1 | 0 |
_aTres poetas filósofos _b: Lucrecio, Dante, Goethe / _cGeorge Santayana ; traducción del inglés por José Ferrater Mora. |
| 260 |
_aMadrid : _bTecnos, _c[1995] |
||
| 300 |
_a164 p ; _c22 cm. |
||
| 490 | 1 | _aFilosofía y ensayo | |
| 600 | 1 | 4 |
_aLucrecio Caro, Tito. _tDe rerum natura. _974606 |
| 600 | 0 | 4 |
_aDante Alighieri, _d1265-1321. _tLa divina commedia _9175737 |
| 600 | 1 | 4 |
_aGoethe, Johann Wolfgang von, _d1749-1832. _tFaust _957573 |
| 700 | 1 |
_aFerrater Mora, José. _950338 |
|
| 830 | 1 |
_aFilosofía y ensayo _9179242 |
|
| 852 |
_aES-MaACL _jL-19303 |
||
| 999 |
_c12006 _d12006 |
||